| 000 | 00438nam a2200205Ia 4500 | ||
|---|---|---|---|
| 001 | 14134 | ||
| 003 | GE_BSU | ||
| 008 | 181216s||||||||xx |||||||||||||| ||und|| | ||
| 020 | _a9780751540550 | ||
| 040 | _cGE_BSU | ||
| 080 | _a821.111-3 | ||
| 100 | _aWilliams,Polly | ||
| 245 | 2 | _aA Bad Bride's Tale | |
| 260 | _aLondon | ||
| 260 | _bSphere | ||
| 260 | _c2007 | ||
| 300 | _a343p.20cm. | ||
| 653 | _aA Bad Bride's Tale | ||
| 942 | _cBK | ||
| 999 |
_c47274 _d47274 |
||